BSOP header

Wisdom of Solomon / (Record no. 16320)

MARC details
000 -LEADER
fixed length control field 01131nam a2200313 4500
008 - FIXED-LENGTH DATA ELEMENTS--GENERAL INFORMATION
fixed length control field 030731s1997 enkm b a001 0 eng d
020 ## - INTERNATIONAL STANDARD BOOK NUMBER
International Standard Book Number 1850757623 :USD9.99
090 ## - LOCALLY ASSIGNED LC-TYPE CALL NUMBER (OCLC); LOCAL CALL NUMBER (OCLC)
Classification number (OCLC) (R) ; Classification number, CALL (RLIN) (NR) BS1755.5
Local cutter number (OCLC) ; Book number/undivided call number, CALL (RLIN) G75
100 1# - MAIN ENTRY--PERSONAL NAME
Personal name Grabbe, Lester L.
245 10 - TITLE STATEMENT
Title Wisdom of Solomon /
Statement of responsibility, etc edited by Lester L. Grabbe.
260 ## - PUBLICATION, DISTRIBUTION, ETC. (IMPRINT)
Place of publication, distribution, etc Sheffield, Eng. :
Name of publisher, distributor, etc Sheffield Academic Press,
Date of publication, distribution, etc c1997.
300 ## - PHYSICAL DESCRIPTION
Extent 105 p. ;
Dimensions 22 cm.
490 1# - SERIES STATEMENT
Series statement Guides to apocrypha and pseudepigrapha.
504 ## - BIBLIOGRAPHY, ETC. NOTE
Bibliography, etc Includes bibliographical references and indexes.
650 #4 - SUBJECT ADDED ENTRY--TOPICAL TERM
Topical term or geographic name as entry element Bible. O.T. Apocrypha. Wisdom of Solomon
General subdivision Introductions.
951 ## - EQUIVALENCE OR CROSS-REFERENCE-GEOGRAPHIC NAME/AREA NAME [OBSOLETE] [CAN/MARC only]
General subdivision 00004078
913 ## -
-- N
970 01 -
-- Abbreviations
-- 11
970 01 -
-- Bibliography
-- 96
970 01 -
-- Index of Authors
-- 106
970 01 -
-- Index of References
-- 102
970 01 -
-- Preface
-- 7
970 01 -
-- Texts, Commentaries, and Other Studies
-- 8
970 11 -
-- 1
-- Introduction
-- 13
970 11 -
-- 2
-- Typology, Midrash, and Greek Rhetoric
-- 30
970 11 -
-- 3
-- The Message of the Book
-- 48
970 11 -
-- 4
-- The Figure of Wisdom
-- 68
970 11 -
-- 5
-- The Historical Context
-- 81
951 ## - EQUIVALENCE OR CROSS-REFERENCE-GEOGRAPHIC NAME/AREA NAME [OBSOLETE] [CAN/MARC only]
-- 20767
-- BS1755.5/G75
-- 070613111300281
-- 2000-12-21
-- GC
Holdings
Withdrawn status Lost status Damaged status Not for loan Home library Current library Shelving location Date acquired Accession number Shelving control number Total Checkouts Full call number Barcode Date last seen Price effective from Koha item type
        BSOP Library BSOP Library GC 12/21/2000 20767 127   BS1755.5/G75 00004078 02/23/2013 02/23/2013 Books
BSOP

Biblical Seminary of the Philippines
  All rights Reserved
  © 2024

CONTACT INFORMATION

Biblical Seminary of the Philippines,
  77-B Karuhatan Road, Valenzuela City,
  PHILIPPINES 1441
  Phone: +632 8292-6795 / 8292-6798
  Fax : +632 8292-6675
  Email: library@bsop.edu.ph